| 000 | 00828nam a22002417a 4500 | ||
|---|---|---|---|
| 999 |
_c1562 _d1562 |
||
| 003 | AR-CdUCM | ||
| 008 | 190227b ||||| |||| 00| 0 spa d | ||
| 040 |
_aMUNICIPALIDAD PROVINCIAL DEL CUSCO _cBIBLIOTECA MUNICIPAL DEL CUSCO |
||
| 041 | _hita | ||
| 082 |
_a303 / _bG36 |
||
| 100 |
_aGentile, Panfilo _95861 |
||
| 245 | _aLa idea liberal / | ||
| 260 |
_aMéxico : _bUTEHA, _c1961. |
||
| 300 |
_a99 páginas ; _c17 cm. |
||
| 440 |
_aManuales Uteha. _nSección 14 _nCiencias Sociales 79 _95862 |
||
| 505 | _aContenido: Un siglo de civilización liberal -- El liberalismo y las instituciones -- El liberalismo y la cuestión social | ||
| 650 |
_aLiberalismo _91985 |
||
| 650 |
_aIdeología _91109 |
||
| 650 |
_aCivilización _91048 |
||
| 700 |
_aSpeziale, Calogero (traducción) _95863 |
||
| 942 |
_2ddc _cLIBROS |
||
| 945 | _aachl | ||